| 000 | 00396nam a22001577a 4500 | ||
|---|---|---|---|
| 003 | MACL | ||
| 005 | 20260410153622.0 | ||
| 008 | 260410b |||||||| |||| 00| 0 eng d | ||
| 040 | _cMACL | ||
| 082 | _a823\SAX | ||
| 100 |
_aTr. Saxena,Poonam _984025 |
||
| 245 | _a The greatest hindi stories ever told | ||
| 260 |
_a New Delhi _bAleph book company _c2020 |
||
| 650 | _aStories | ||
| 942 |
_2ddc _cBK |
||
| 999 |
_c69046 _d69046 |
||